000 00707nas a2200229 4500
001 BR7804103
003 BR-BrBNA
005 20231205083502.0
007 ta
008 230509b bl.|||p| |||| 00| 00por d
040 _aBR-BrBNA
_bpor
_cBiblioteca Nacional de Agricultura
041 _a(Pt)
072 _aL10
100 1 _aMendes, A.C.
245 1 _aA SPCPA e o cao pastor [Sociedade Paulista Caes Pastores Alemaes; Canis familiaris]
650 _aMelhoramento genetico animal
650 _aPastor alemao
650 _aRaca
773 0 _tRevista dos Criadores (Brazil)
_xISSN 0034-9259
_g(Aug 1978), v. 48(583) p. 79-80
_wBR7804103
909 _a202311
_bLúcia
_c55
_dLúcia Elande
942 _2AGRIS
_n0
_cANA
999 _c99124
_d99124